Guess the Artist from 3 Songs 2.0 - Statistics

General Stats
  • This quiz has been taken 60 times
    41 since last reset
  • The average score is 42 of 100
Answer Stats
Songs Artist % Correct
"Hey Jude", "Let It Be", "Yesterday" The Beatles
95%
"Daddy", "Gangnam Style", "Gentleman" PSY
88%
"Desperado", "Hotel California", "Take It Easy" Eagles
83%
"Every Breath You Take", "King of Pain", "Message in a Bottle" The Police
83%
"Grenade", "Locked Out of Heaven", "Uptown Funk" Bruno Mars
78%
"Chandelier", "Cheap Thrills", "Elastic Heart" Sia
78%
"Dreams", "Linger", "Zombie" The Cranberries
78%
"God's Plan", "Hotline Bling", "Marvin's Room" Drake
75%
"Boom Boom Pow", "Don't Phunk with My Heart", "My Humps" Black Eyed Peas
73%
"Say You'll Be There", "Viva Forever", "Wannabe" Spice Girls
73%
"Blinding Lights", "Can't Feel My Face", "Starboy" The Weeknd
73%
"Icky Thump", "Seven Nation Army", "The Hardest Button to Button" The White Stripes
73%
"Any Way You Want It", "Don't Stop Believin'", "Wheel in the Sky" Journey
70%
"Livin' la Vida Loca", "María", "She Bangs" Ricky Martin
70%
"Burning Heart", "Eye of the Tiger", "The Search Is Over" Survivor
70%
"Girls Just Want to Have Fun", "Time After Time", "True Colors" Cyndi Lauper
68%
"Complicated", "Girlfriend", "Sk8er Boi" Avril Lavigne
65%
"Carrie", "Rock the Night", "The Final Countdown" Europe
65%
"Can’t Stop the Music", "In the Navy", "Y.M.C.A." Village People
65%
"Fallin'", "Girl on Fire", "No One" Alicia Keys
63%
"Hot for Teacher", "Jump", "Panama" Van Halen
63%
"Buddy Holly", "Island in the Sun", "Say It Ain't So" Weezer
63%
"505", "Crying Lightning", "Do I Wanna Know?" Arctic Monkeys
60%
"Don't Speak", "Hey Baby", "It's My Life" No Doubt
60%
"I Wish It Would Rain Down", "In the Air Tonight", "Sussudio" Phil Collins
60%
"Just Give Me a Reason", "So What", "Who Knew" P!nk
60%
"Baba O'Riley", "My Generation", "Pinball Wizard" The Who
60%
"Butter", "Dynamite", "Fake Love" BTS
58%
"Down Under", "Overkill", "Who Can It Be Now" Men at Work
58%
"Chun-Li", "Pills N Potions", "Starships" Nicki Minaj
58%
"Dancing with a Stranger", "I'm Not the Only One", "Stay with Me" Sam Smith
58%
"Burning Down the House", "Once in a Lifetime", "Psycho Killer" Talking Heads
58%
"London Calling", "Rock the Casbah", "White Riot" The Clash
58%
"Human", "Mr. Brightside", "When You Were Young" The Killers
58%
"Jesus Walks", "Power", "Runaway" Kanye West
55%
"No One Like You", "Rock You Like a Hurricane", "Wind of Change" Scorpions
55%
"Don't Let Me Be Misunderstood", "House of the Rising Sun", "It's My Life" The Animals
55%
"Beast of Burden", "Paint It Black", "Sympathy for the Devil" The Rolling Stones
55%
"Sway", "That's Amore", "Volare" Dean Martin
50%
"Double Vision", "Cold as Ice", "Juke Box Hero" Foreigner
50%
"A Horse with No Name", "I Need You", "Sandman" America
48%
"Deutschland", "Du Hast", "Sonne" Rammstein
48%
"L.A. Woman", "Light My Fire", "People Are Strange" The Doors
48%
"Babooshka", "Cloudbusting", "Wuthering Heights" Kate Bush
45%
"Closer", "Sex on Fire", "Waste a Moment" Kings of Leon
45%
"Big Poppa", "Juicy", "Ten Crack Commandments" The Notorious B.I.G.
45%
"1979", "Tonight, Tonight", "Zero" The Smashing Pumpkins
45%
"Chain of Fools", "I Say a Little Prayer", "Think" Aretha Franklin
43%
"Bodak Yellow", "Money", "Up" Cardi B
43%
"Good Golly, Miss Molly", "Long Tall Sally", "Tutti Frutti" Little Richard
43%
"Lola", "Sunny Afternoon", "Waterloo Sunset" The Kinks
43%
"Callaíta", "Tití Me Preguntó", "Yonaguni" Bad Bunny
40%
"Intergalactic", "Sabotage", "So What'cha Want" Beastie Boys
40%
"All I Wanna Do", "If It Makes You Happy", "Soak Up the Sun" Sheryl Crow
40%
"Pennies From Heaven", "Swinging On A Star", "White Christmas" Bing Crosby
38%
"Daddy Cool", "Rasputin", "Rivers of Babylon" Boney M.
38%
"At Last", "Something's Got a Hold on Me", "Tell Mama" Etta James
38%
"Crying", "In Dreams", "Oh, Pretty Woman" Roy Orbison
38%
"Get Busy", "Like Glue", "Temperature" Sean Paul
38%
""Erase/Rewind", "Lovefool", "My Favourite Game" The Cardigans
38%
"Life for Rent", "Thank You", "White Flag" Dido
35%
"Hey Lover", "I Need Love", "Mama Said Knock You Out" LL Cool J
35%
"Con Calma", "Gasolina", "Rompe" Daddy Yankee
33%
"L-O-V-E", "Mona Lisa", "Unforgettable" Nat King Cole
33%
"Chasing Cars", "Open Your Eyes", "Run" Snow Patrol
33%
"Bigmouth Strikes Again", "Panic", "This Charming Man" The Smiths
33%
"A Change Is Gonna Come", "Cupid", "You Send Me" Sam Cooke
30%
"All About Us", "All the Things She Said", "Not Gonna Get Us" t.A.T.u.
30%
"La Vie En Rose", "Non, Je Ne Regrette Rien", "Padam Padam" Édith Piaf
28%
"Cherry Lips", "Push It", "Stupid Girl" Garbage
28%
"Closer", "Hurt", "March of the Pigs" Nine Inch Nails
28%
"Fading Like A Flower", "Joyride", "Listen to Your Heart" Roxette
28%
"Slippin’", "Ruff Ryder's Anthem", "X Gon' Give It to Ya" DMX
25%
"Aqualung", "Locomotive Breath", "Songs from the Wood" Jethro Tull
25%
"Brother Louie", "Cheri, Cheri Lady", "You're My Heart, You're My Soul" Modern Talking
25%
"Mercy", "Rockferry", "Warwick Avenue" Duffy
23%
"Everyday I Love You Less and Less", "I Predict a Riot", "Ruby" Kaiser Chiefs
20%
"Feeling Good", "Four Women", "Mississippi Goddam" Nina Simone
20%
"Here Comes Your Man", "Monkey Gone to Heaven", "Where Is My Mind" Pixies
20%
"Chelsea Dagger", "Henrietta", "Whistle for the Choir" The Fratellis
20%
"I'm Outta Love", "Left Outside Alone", "Paid My Dues" Anastacia
18%
"Break Ya Neck", "Gimme Some More", "Touch It" Busta Rhymes
18%
"Alors On Danse", "Papaoutai", "Tous Les Mêmes" Stromae
18%
"Breathe", "Firestarter", "Omen" The Prodigy
18%
"Dakota", "Have A Nice Day", "Maybe Tomorrow" Stereophonics
15%
"Another Place to Fall", "Hold On", "Suddenly I See" KT Tunstall
13%
"Go Right Ahead", "Hate to Say I Told You So", "Tick Tick Boom" The Hives
13%
"For Your Love", "Heart Full of Soul", "Shapes of Things" The Yardbirds
13%
"Relight My Fire", "Shout", "To Sir with Love" Lulu
10%
"Do Something", "I Try", "Still" Macy Gray
10%
"Schizophrenia", "Teen Age Riot", "The Diamond Sea", Sonic Youth
10%
"About You Now", "Push the Button", "Round Round" Sugababes
10%
"Heroin", "Pale Blue Eyes", "Venus in Furs" The Velvet Underground
10%
"Bag Lady", "On & On", "The Healer" Erykah Badu
8%
"Catalina", "Malamente", "Saoko" Rosalía
8%
"Cheek to Cheek", "Mack the Knife", "Summertime" Ella Fitzgerald
5%
"Bichota", "Ocean", "Provenza" Karol G
5%
"I Can't Decide", "Laura", "Take Your Mama" Scissor Sisters
5%
"America", "Golden Touch", "Wire to Wire" Razorlight
3%
"Lovely Head", "Ooh La La", "Utopia" Goldfrapp
0%
No matching quizzes found
Score Distribution
Percent of People with Each Score
Percentile by Number Answered
Your Score History
You have not taken this quiz since the last reset